Central Library OPAC University of Rajshahi

Readings in ethnic psychology / (Record no. 53456)

MARC details
000 -LEADER
fixed length control field 00928nam a2200277 a 4500
001 - CONTROL NUMBER
control field 53456
003 - CONTROL NUMBER IDENTIFIER
rucl marc code BD-RjUL
005 - DATE AND TIME OF LATEST TRANSACTION
control field 20211209075950.0
008 - FIXED-LENGTH DATA ELEMENTS--GENERAL INFORMATION
fixed length control field 161015s1998 nyu b 001 0 eng
020 ## - INTERNATIONAL STANDARD BOOK NUMBER
International Standard Book Number 0415919622 (hardcover)
International Standard Book Number 0415919630 (pbk.)
035 ## - SYSTEM CONTROL NUMBER
System control number (BD-RjUL)53576
040 ## - CATALOGING SOURCE
Original cataloging agency DLC
Transcribing agency DLC
Modifying agency BD-RjU
Language of cataloging eng
041 ## - LANGUAGE CODE
Language code of text/sound track or separate title eng
082 00 - DEWEY DECIMAL CLASSIFICATION NUMBER
Classification number 616.89008900973
Edition number 23
Author mark and year REA 1998
245 00 - TITLE STATEMENT
Title Readings in ethnic psychology /
Statement of responsibility, etc. edited by Pamela Balls Organista, Kevin M. Chun, Gerardo Marín.
260 ## - PUBLICATION, DISTRIBUTION, ETC. (IMPRINT)
Place of publication, distribution, etc. New York :
Name of publisher, distributor, etc. Routledge,
Date of publication, distribution, etc. 1998.
300 ## - PHYSICAL DESCRIPTION
Pagination xii, 417 p. ;
Size 26 cm.
504 ## - BIBLIOGRAPHY, ETC. NOTE
Bibliography, etc Includes bibliographical references and indexes.
650 #0 - SUBJECT ADDED ENTRY--TOPICAL TERM
Topical term or geographic name as entry element Minorities
General subdivision Mental health
Geographic subdivision United States.
9 (RLIN) 159795
Topical term or geographic name as entry element Minorities
Geographic subdivision United States
General subdivision Psychology.
9 (RLIN) 159796
700 1# - ADDED ENTRY--PERSONAL NAME
Personal name Organista, Pamela Balls.
Personal name Chun, Kevin M.
Personal name Marín, Gerardo.
942 ## - ADDED ENTRY ELEMENTS (KOHA)
Source of classification or shelving scheme Dewey Decimal Classification
Koha item type Books
Holdings
Lost status Source of classification or shelving scheme Damaged status Not for loan Collection code Permanent Location Current Location Shelving location Date acquired Source of acquisition Cost, normal purchase price Total Checkouts Full call number Date last seen Copy number Koha item type
  Dewey Decimal Classification     Non-fiction Central Library, University of Rajshahi Central Library, University of Rajshahi   06/02/2008 Dhaka,Paragon Enterprise Lit., 40.95   616.89008900973 REA 1998 15/10/2016 C-2 Books
  Dewey Decimal Classification   Not For Loan Non-fiction Central Library, University of Rajshahi Central Library, University of Rajshahi Reading Room 06/02/2008 Paragon enterprise, Dhaka 40.95   616.89008900973 REA 1998 20/03/2017 C-1 Books